00682nam a2200217Ia 4500003000400000005001700004008004100021020003000062040001700092082001700109100001900126245008200145250005300227260003600280300003000316650003300346700002200379700002200401700001900423700002200442IIN20240103110028.0231217s9999 xx 000 0 und d cRs.3699.00a9789387963689 aIINbEnglish a611 bMOO1 aMoore, Keith L1 aClinically Oriented AnatomycKeith Moore, Arthur F.Dalley and Anne M. R. Agur a South Asian Editionbby S Aruna and M Sivakumar bWolters KluweraNew Delhic2018 axxxiii, 829-1091 p. / V.31 aAnatomyvClinically Oriented1 aDalley, Arthur F1 a Agur, Anne M. R1 aAruna , S, Ed.1 aSivakumar, M, Ed.